Länder Europas nach Fläche (mit Karte) - Statistiken

Allgemein
  • Dieses Quiz wurde 54 mal gespielt
  • Das Durchschnittsergebnis liegt bei 20 aus 43
Antworten auf der Karte
Die Antworten werden auf der Karte rot bzw. grün angezeigt, abhängig davon wie oft sie richtig erraten wurden.
 
Antwortstatistiken
Hint Antwort % Korrekt
17'098'242 km² Russland
100%
643'801 km² Frankreich
51%
603'550 km² Ukraine
51%
2'209'180 km² Dänemark
49%
338'145 km² Finnland
49%
323'802 km² Norwegen
49%
450'295 km² Schweden
49%
505'370 km² Spanien
49%
207'600 km² Belarus
46%
51'197 km² Bosnien und Herzegowina
46%
110'879 km² Bulgarien
46%
357'022 km² Deutschland
46%
45'228 km² Estland
46%
131'957 km² Griechenland
46%
243'610 km² Grossbritannien
46%
70'273 km² Irland
46%
103'000 km² Island
46%
301'340 km² Italien
46%
56'594 km² Kroatien
46%
64'589 km² Lettland
46%
65'300 km² Litauen
46%
41'543 km² Niederlande
46%
83'871 km² Österreich
46%
312'685 km² Polen
46%
92'090 km² Portugal
46%
238'391 km² Rumänien
46%
41'277 km² Schweiz
46%
77'474 km² Serbien
46%
49'035 km² Slowakei
46%
78'867 km² Tschechien
46%
93'028 km² Ungarn
46%
28'748 km² Albanien
41%
30'528 km² Belgien
41%
33'851 km² Moldau
41%
13'812 km² Montenegro
41%
25'713 km² Nordmazedonien
41%
20'273 km² Slowenien
41%
468 km² Andorra
39%
160 km² Liechtenstein
39%
2'586 km² Luxemburg
39%
2 km² Monaco
39%
61 km² San Marino
39%
316 km² Malta
37%
Keine übereinstimmenden Quizze gefunden
Verteilung der Resultate
Anzahl Personen mit jedem Resultat
Perzentil nach korrekt beantworteten Fragen
Ihre Resultats-Entwicklung
Sie haben dieses Quiz noch nicht gespielt